000 00393nam a2200145Ia 4500
008 230719s9999 xx 000 0 und d
041 _aeng
082 _a621.36
_bGAN
100 _aGanguly A.K.
_9156715
245 _aOptical And Optoelectronic Instrumentation
260 _bNarosa Publishing House
300 _dRef 683 I (38534)
365 _cRs.
_b188.00
700 _aGanguly A.K.
_9156715
999 _c354256
_d354256